Handbook of decision analysis

Bibliographic Details
Corporate Author: ProQuest (Firm)
Other Authors: Parnell, Gregory S.
Format: Electronic eBook
Language:English
Published: Hoboken, N.J. : John Wiley & Sons, 2013.
Series:Wiley handbooks in operations research and management science
Subjects:
Online Access:Click to View
LEADER 01373nam a2200361 a 4500
001 EBC1119455
003 MiAaPQ
005 20200520144314.0
006 m o d |
007 cr cn|||||||||
008 120816s2013 njuad sb 001 0 eng d
010 |z  2012032884 
020 |z 9781118173138 (cloth : alk. paper) 
020 |a 9781118515839 (electronic bk.) 
035 |a (MiAaPQ)EBC1119455 
035 |a (Au-PeEL)EBL1119455 
035 |a (CaPaEBR)ebr10657559 
035 |a (CaONFJC)MIL450238 
035 |a (OCoLC)827208168 
040 |a MiAaPQ  |c MiAaPQ  |d MiAaPQ 
050 4 |a HD30.23  |b .H3542 2013 
082 0 4 |a 658.4/03  |2 23 
245 0 0 |a Handbook of decision analysis  |h [electronic resource] /  |c Gregory S. Parnell ... [et al.]. 
260 |a Hoboken, N.J. :  |b John Wiley & Sons,  |c 2013. 
300 |a xxxii, 396 p. :  |b ill. (some col.). 
440 0 |a Wiley handbooks in operations research and management science 
504 |a Includes bibliographical references and index. 
533 |a Electronic reproduction. Ann Arbor, MI : ProQuest, 2016. Available via World Wide Web. Access may be limited to ProQuest affiliated libraries. 
650 0 |a Decision making. 
655 4 |a Electronic books. 
700 1 |a Parnell, Gregory S. 
710 2 |a ProQuest (Firm) 
856 4 0 |u https://ebookcentral.proquest.com/lib/matrademy/detail.action?docID=1119455  |z Click to View